| 000 | 00668nam a22002177a 4500 | ||
|---|---|---|---|
| 005 | 20250227055702.0 | ||
| 008 | 250227b |||||||| |||| 00| 0 eng d | ||
| 020 | _a9789358495256 | ||
| 040 |
_aIN-DiNC _cIN-DiNC |
||
| 041 | _dasm | ||
| 082 |
_a320.5 _bDUT |
||
| 100 |
_aDutta, Mridul _eauthor |
||
| 245 |
_aRajnaitik tattwa: _bdharana aru bitarkasamuh (Major8)/ _cby Mridul Dutta, Bidyut Borah and Kritanjali Saikia |
||
| 250 | _a1st ed. | ||
| 260 |
_aDibrugarh: _bBanalata, _c2025. |
||
| 300 | _a239p. | ||
| 650 | _aPolitical theory: concepts and debates (Major8) | ||
| 700 |
_aBorah, Bidyut _eauthor |
||
| 700 |
_aSaikia, Kritanjali _eauthor |
||
| 942 |
_2ddc _cBK |
||
| 999 |
_c12072 _d12072 |
||